Report of the 1992 household socio - economic survey Northeastern region

Enregistré dans:
Détails bibliographiques
Format: Livre
Langue:anglais
thaï
Publié: Bangkok National Statistical Office [1992]
Sujets:
Tags: Ajouter un tag
Pas de tags, Soyez le premier à ajouter un tag!

MARC

LEADER 00000nam a2200000 4500
001 c101026
005 20221123102341.8
041 0 |a eng 
041 0 |a tha 
044 |a TH 
245 1 0 |a Report of the 1992 household socio - economic survey  |b Northeastern region 
264 1 |a Bangkok  |b National Statistical Office  |c [1992] 
300 |a 128 s. 
610 2 0 |a údaje štatistické 
610 2 0 |a ukazovatele štatistické 
610 2 0 |a Thajsko 
610 2 0 |a ukazovatele ekonomické 
610 2 0 |a ukazovatele sociálne 
610 2 0 |a 1992